000 03124nam0a22003731 4500
001 v19\rc\1631529
005 20260407142745.0
035 _a(NLR Aleph) 004746705
090 _a4518154
_c4518154
100 _a20061002d1899 |||y0rusy50 ca
101 0 _arus
102 _aRU
105 _ay z |||||
200 1 _aТоржественное празднование медицинскими обществами г. Одессы столетнего юбилея Военно-медицинской академии
210 _aОдесса
_c"Славянская" тип. Н. Христогелос
_d1899
215 _a[6], 43 с.
_d25
327 1 _aСодерж.: Протокол торжественного заседания 18-го декабря 1898 года Общества русских врачей совместно с Обществом одесских врачей и Бальнеологическим. Речи П.Н. Диатроптова, Г.Т. Духновского, Н.Ф. Гамалеи. Историческая записка А.Н. Дмитриева
464 0 _12001#$aПротокол торжественного заседания 18-го декабря 1898 года Общества русских врачей совместно с Обществом одесских врачей и Бальнеологическим
_tПротокол торжественного заседания 18-го декабря 1898 года Общества русских врачей совместно с Обществом одесских врачей и Бальнеологическим
464 0 _12001#$aРечь П.Н. Диатроптова
_1700#1$aДитатроптов$bП.Н.
_tРечь П.Н. Диатроптова
_aДитатроптов, П.Н.
464 0 _12001#$aРечь Г.Т. Духновского
_1700#1$aДухновский$bГ.Т.
_tРечь Г.Т. Духновского
_aДухновский, Г.Т.
464 0 _12001#$aРечь Н.Ф. Гамалеи
_1700#1$aГамалея$bН.Ф.$f1859-1949$gНиколай Федорович
_tРечь Н.Ф. Гамалеи
_aГамалея, Николай Федорович (1859-1949)
464 0 _12001#$aИсторическая записка А.Н. Дмитриева
_1700#1$aДмитриев$bА.Н.$f1865-$gАлександр Николаевич
_tИсторическая записка А.Н. Дмитриева
_aДмитриев, Александр Николаевич (1865-)
532 1 2 _aТоржественное празднование медицинскими обществами города Одессы столетнего юбилея Военно-медицинской академии
712 0 2 _aВоенно-медицинская академия
_cПетербург
_3RU\NLR\AUTH\8810013557
_9525018
801 0 _aRU
_bNLR
_gpsbo
801 0 _aRU
_bRuMoRGB
_2psbo
801 1 _aRU
_bProSoft-M
_2rusmarc
852 _aNLR
_j20.100.4.163
899 _aRuMoRGB
_jF 60/270
899 _aRuMoRGB
_jU 292/1585
899 _aБАН
899 _aНБ МГУ
942 _cBOOK
980 _aNB